|
|
|
|
| LEADER |
00000cam a2200000 7i4500 |
| 001 |
0000002555 |
| 005 |
20030806.0 |
| 020 |
0 |
0 |
|a 0851994466
|
| 090 |
0 |
0 |
|a R333.751509143
|b FOR 2000
|
| 245 |
0 |
0 |
|a FORESTS in sustainable mountain development : a state of knowledge report for 2000 :
|b task force on forests in sustainable mountain development
|c edited by M. F. Price and N. Butt
|
| 260 |
0 |
0 |
|a Oxon, UK; Vienna, Austria :
|b CABI Pub.; IUFRO ,
|c 2000
|
| 300 |
|
|
|a xxxiii, 590 p. :
|b ill. ;
|c 24 cm.
|
| 440 |
0 |
0 |
|a IUFRO research series; no. 5
|
| 500 |
0 |
0 |
|a Includes bibiliography : p. 521-569 and index
|
| 650 |
0 |
0 |
|a Forests and forestry
|
| 650 |
0 |
0 |
|a Mountain ecology
|
| 650 |
0 |
0 |
|a Sustainable development
|
| 700 |
0 |
1 |
|a Butt
|h N. [
|q (Nathalie)]
|
| 700 |
0 |
1 |
|a Price
|h Martin F.
|
| 710 |
1 |
1 |
|a The International Union of Forestry Research Organizations (IUFRO)
|
| 998 |
|
|
|a JPSM
|
| 999 |
|
|
|a 0000004960
|b Monograph
|c Reference
|e Default branch
|